000
00277nam a2200133Ia 4500
100
_a
Maruti
650
_a
Electrical Engineering
942
_c
BK
654
_a
Manual
245
_a
Service Manual 800 V/VT
260
_b
Maruti Udyog Ltd.
546
_a
ENGLISH
999
_c
34522
_d
34522